Statistiche per Capitali del Nord America

Clicka qui per fare il quiz!

Statistiche generali

  • Questo quiz è stato fatto 2.308 volte
  • Il punteggio medio è 15 su 23

Statistiche sulle risposte

PaeseCapitale% Corretto
Stati UnitiWashington D.C.
94%
MessicoCittà del Messico
93%
CanadaOttawa
93%
CubaL'Avana
86%
PanamaPanama
80%
El SalvadorSan Salvador
77%
Repubblica DominicanaSanto Domingo
73%
GiamaicaKingston
72%
Saint Vincent e GrenadineKingstown
72%
GuatemalaCittà del Guatemala
71%
HaitiPort-au-Prince
62%
Costa RicaSan Jose
60%
NicaraguaManagua
56%
BahamasNassau
55%
HondurasTegucigalpa
53%
BelizeBelmopan
51%
Trinidad e TobagoPort-of-Spain
51%
Antigua e BarbudaSaint John's
50%
BarbadosBridgetown
47%
DominicaRoseau
45%
GrenadaSaint George's
42%
Saint Kitts e NevisBasseterre
41%
Saint LuciaCastries
37%

Distribuzione punteggi

Percentile per numero di risposta

Percentuale di utenti per punteggio

I tuoi punteggi nel tempo

Non hai fatto questo quiz